VISIBLE LEARNING FOR MATHEMATICS GRADES K -12 (Record no. 11367)
[ view plain ]
| 000 -LEADER | |
|---|---|
| fixed length control field | 00235nam a22000857a 4500 |
| 008 - FIXED-LENGTH DATA ELEMENTS--GENERAL INFORMATION | |
| fixed length control field | 190401b ||||| |||| 00| 0 eng d |
| 020 ## - INTERNATIONAL STANDARD BOOK NUMBER | |
| International Standard Book Number | 9781504312944 |
| 100 ## - MAIN ENTRY--PERSONAL NAME | |
| 9 (RLIN) | 7106 |
| Personal name | HATTIE JOHN |
| 245 ## - TITLE STATEMENT | |
| Title | VISIBLE LEARNING FOR MATHEMATICS GRADES K -12 |
| Withdrawn status | Lost status | Source of classification or shelving scheme | Damaged status | Koha normalized classification for sorting | Not for loan | Home library | Current library | Shelving location | Date acquired | Total Checkouts | Full call number | Barcode | Date last seen | Price effective from | Koha item type |
|---|---|---|---|---|---|---|---|---|---|---|---|---|---|---|---|
| Dewey Decimal Classification | HAT_501_712000000000000 | Good Samaritan School Library | Good Samaritan School Library | Mathematics | 04/01/2019 | HAT501.712 | HAT15346 | 04/01/2019 | 04/01/2019 | Reference |